Top 500 Biggest Cities in the United States - Statistics

General Stats
  • This quiz has been taken 906 times
    885 since last reset
  • The average score is 182 of 500
Answer Stats
City % Correct
2 Los Angeles
96%
1 New York City
96%
3 Chicago
95%
9 Dallas
92%
4 Houston
92%
44 Miami
92%
24 Boston
91%
17 San Francisco
91%
6 Philadelphia
89%
18 Seattle
89%
5 Phoenix
88%
350 Sandy
88%
177 Jackson
87%
63 Orlando
87%
12 Jacksonville
86%
25 Las Vegas
86%
38 Atlanta
85%
11 Austin
85%
27 Detroit
85%
7 San Antonio
85%
23 Washington
85%
19 Denver
84%
26 Portland, OR
84%
8 San Diego
84%
52 Tampa
84%
21 Nashville
83%
20 Oklahoma City
83%
54 Cleveland
82%
170 Kansas City, KS
81%
37 Kansas City, MO
81%
46 Minneapolis
81%
53 New Orleans
81%
476 Pittsburg
81%
15 Indianapolis
80%
35 Sacramento
80%
29 Memphis
79%
10 San Jose
79%
30 Baltimore
78%
16 Charlotte
78%
115 Columbus, GA
78%
14 Columbus, OH
78%
70 St. Louis
78%
31 Milwaukee
77%
32 Albuquerque
76%
65 Cincinnati
76%
122 Salt Lake City
76%
263 Springfield, IL
75%
168 Springfield, MA
75%
156 Springfield, MO
75%
78 Buffalo
74%
22 El Paso
73%
28 Louisville
73%
41 Raleigh
73%
94 Boise
70%
13 Fort Worth
70%
71 Lincoln
70%
67 St. Paul
70%
40 Colorado Springs
69%
33 Fresno
69%
39 Omaha
69%
251 Richmond, CA
69%
98 Richmond, VA
69%
47 Tulsa
69%
124 Birmingham
68%
81 Madison
68%
45 Oakland
67%
82 Reno
67%
128 Tallahassee
67%
34 Tucson
67%
90 Winston-Salem
67%
336 Albany
66%
101 Baton Rouge
66%
118 Little Rock
66%
42 Virginia Beach
66%
174 Charleston
65%
107 Des Moines
65%
56 Honolulu
63%
147 Salem
63%
392 Santa Fe
63%
50 Arlington
62%
43 Long Beach
62%
66 Newark
62%
135 Providence
62%
187 Savannah
62%
236 Rochester, MN
61%
111 Rochester, NY
61%
75 Jersey City
60%
49 Wichita
60%
73 Anchorage
59%
121 Augusta
59%
200 Dayton
59%
123 Montgomery
59%
86 St. Petersburg
59%
218 Columbia, MO
58%
201 Columbia, SC
58%
237 Hartford
58%
55 Anaheim
57%
132 Knoxville
57%
59 Lexington
57%
83 Toledo
57%
223 Topeka
57%
48 Bakersfield
56%
36 Mesa
56%
60 Corpus Christi
55%
143 Fort Lauderdale
55%
290 Green Bay
55%
138 Mobile
55%
130 Sioux Falls
55%
188 Syracuse
55%
136 Akron
54%
125 Grand Rapids
53%
219 Fargo
52%
228 Concord, CA
51%
286 Concord, NC
51%
96 Spokane
51%
378 Trenton
51%
120 Amarillo
50%
51 Aurora, CO
50%
144 Aurora, IL
50%
242 Billings
50%
307 Boulder
50%
74 Durham
50%
142 Chattanooga
49%
268 Lansing
49%
85 Lubbock
49%
208 New Haven
49%
103 Tacoma
49%
196 Waco
49%
240 Wilmington
49%
84 Fort Wayne
48%
69 Greensboro
48%
253 Manchester
48%
95 Norfolk
48%
61 Riverside
48%
391 Santa Barbara
48%
151 Eugene
47%
361 Carson
46%
113 | 349 Fayetteville
46%
106 Huntsville
46%
100 San Bernardino
46%
62 Santa Ana
46%
114 Worcester
46%
216 Athens
45%
497 Bismarck
45%
195 Gainesville
45%
91 Glendale, AZ
45%
234 Lafayette
45%
79 North Las Vegas
45%
58 Stockton
45%
259 Provo
44%
486 Scranton
44%
141 Shreveport
44%
137 Brownsville
43%
64 Irvine
43%
206 Pasadena, CA
43%
181 Pasadena, TX
43%
134 Vancouver
43%
294 Allen
42%
495 Daytona Beach
42%
356 Erie
42%
57 Henderson
42%
112 Yonkers
42%
172 Hollywood
41%
87 Laredo
41%
169 Alexandria
40%
235 Ann Arbor
40%
183 Bridgeport
40%
203 Cedar Rapids
40%
402 Duluth
40%
129 Huntington Beach
40%
72 Plano
40%
224 Allentown
39%
370 Fort Myers
39%
165 Macon
39%
189 McAllen
39%
202 Orange
39%
99 Santa Clarita
39%
92 Scottsdale
39%
410 Sioux City
39%
329 St. George
39%
327 Tuscaloosa
39%
473 Flagstaff
38%
88 Irving
38%
149 Santa Rosa
38%
244 Berkeley
37%
245 Cambridge
37%
116 Cape Coral
37%
131 Peoria, AZ
37%
272 Peoria, IL
37%
217 Santa Clara
37%
375 Santa Monica
37%
140 Tempe
37%
243 West Palm Beach
37%
76 Chandler
36%
89 Chesapeake
36%
158 Fort Collins
36%
80 Gilbert
36%
119 Oxnard
36%
68 Pittsburgh
36%
308 South Bend
36%
355 Asheville
35%
315 Bend
35%
153 Clarksville
35%
246 Clearwater
35%
97 Fremont
35%
110 Frisco
35%
388 Greenville
35%
155 Lancaster
35%
267 Las Cruces
35%
104 Modesto
35%
139 Newport News
35%
146 Ontario
35%
185 Rockford
35%
77 Chula Vista
34%
102 Hialeah
34%
105 Port St. Lucie
34%
310 Wichita Falls
34%
463 Auburn, AL
33%
409 Auburn, WA
33%
238 College Station
33%
248 Evansville
33%
438 Flint
33%
93 Garland
33%
214 Midland
33%
400 Ogden
33%
204 Stamford
33%
344 Boca Raton
32%
180 Naperville
32%
215 Norman
32%
226 Abilene
31%
385 Bloomington
31%
464 Bloomington, IL
31%
447 Bloomington, IN
31%
207 Elizabeth
31%
117 McKinney
31%
437 Miami Beach
31%
270 Odessa
31%
127 Overland Park
31%
339 Portsmouth
31%
287 Tyler
31%
340 Yuma
31%
269 Beaumont
30%
178 Bellevue
30%
184 Denton
30%
494 Iowa City
30%
176 Joliet
30%
210 Kent
30%
439 Lakewood, CA
30%
166 Lakewood, CO
30%
152 Oceanside
30%
271 Pueblo
30%
333 Roanoke
30%
302 Burbank
29%
360 Compton
29%
321 Davenport
29%
331 Kenosha
29%
167 Killeen
29%
254 Lakeland
29%
225 Thousand Oaks
29%
148 Cary
28%
199 Hampton
28%
414 Melbourne
28%
297 Nampa
28%
163 Paterson
28%
352 Reading
28%
362 Redding
28%
160 Salinas
28%
186 Mesquite
27%
493 Missoula
27%
159 Palmdale
27%
481 Rapid City
27%
281 Santa Maria
27%
282 Sugar Land
27%
179 Surprise
27%
162 Corona
26%
145 Elk Grove
26%
126 Grand Prairie
26%
161 Hayward
26%
436 Lake Charles
26%
348 Lawrence, KS
26%
390 Lawrence, MA
26%
260 Lowell
26%
164 Murfreesboro
26%
150 Rancho Cucamonga
26%
229 Round Rock
26%
314 San Mateo
26%
198 Warren
26%
491 Appleton
25%
250 Broken Arrow
25%
277 Everett
25%
109 Fontana
25%
382 Fort Smith
25%
194 Fullerton
25%
222 Meridian
25%
108 Moreno Valley
25%
241 North Charleston
25%
191 Olathe
25%
182 Pomona
25%
197 West Valley City
25%
230 Arvada
24%
255 Carlsbad
24%
386 Champaign
24%
313 Chico
24%
303 Inglewood
24%
374 Nashua
24%
232 Palm Bay
24%
330 San Angelo
24%
280 Sparks
24%
193 Thornton
24%
190 Torrance
24%
279 Ventura
24%
192 Visalia
24%
247 West Jordan
24%
257 | 381 Westminster
24%
369 Bellingham
23%
213 Coral Springs
23%
318 Daly City
23%
175 Escondido
23%
466 Evanston
23%
488 Georgetown
23%
283 Greeley
23%
233 Independence
23%
455 Jonesboro
23%
403 Medford
23%
275 Miami Gardens
23%
209 Miramar
23%
460 Napa
23%
157 Pembroke Pines
23%
320 Quincy
23%
173 Roseville
23%
171 Sunnyvale
23%
227 Vallejo
23%
341 Yakima
23%
256 Antioch
22%
285 Dearborn
22%
452 Frederick
22%
258 High Point
22%
405 Mission
22%
328 | 372 Norwalk
22%
299 Rio Rancho
22%
351 San Marcos
22%
221 Simi Valley
22%
398 Troy
22%
205 Victorville
22%
262 Waterbury
22%
325 Carmel
21%
212 Carrollton
21%
231 Clovis
21%
312 Edinburg
21%
261 Elgin
21%
239 Fairfield
21%
380 Indio
21%
453 Kissimmee
21%
384 Merced
21%
334 New Braunfels
21%
338 Orem
21%
220 Pearland
21%
274 Pompano Beach
21%
470 Racine
21%
366 Roswell
21%
298 Spokane Valley
21%
342 Suffolk
21%
276 Temecula
21%
305 Davie
20%
411 Franklin
20%
154 Garden Grove
20%
316 Goodyear
20%
295 Hillsboro
20%
323 New Bedford
20%
415 Newport Beach
20%
430 New Rochelle
20%
449 Plymouth
20%
211 Sterling Heights
20%
343 Sunrise
20%
309 Vacaville
20%
289 West Covina
20%
364 Chino
19%
301 El Cajon
19%
332 Federal Way
19%
264 Gresham
19%
324 Lynn
19%
265 Murrieta
19%
304 Renton
19%
337 Beaverton
18%
291 Centennial
18%
401 Danbury
18%
273 Downey
18%
347 Edmond
18%
319 Fishers
18%
365 Hoover
18%
376 Lawton
18%
252 League City
18%
311 Lee's Summit
18%
458 Lynchburg
18%
367 Mission Viejo
18%
249 Richardson
18%
288 Sandy Springs
18%
423 Warwick
18%
389 Waukegan
18%
317 Buckeye
17%
345 Deltona
17%
292 Jurupa Valley
17%
418 Kennewick
17%
428 Longview
17%
477 Alameda
16%
377 Avondale
16%
487 Bethlehem
16%
300 Brockton
16%
278 Costa Mesa
16%
424 Cranston
16%
293 El Monte
16%
357 Fall River
16%
371 Kirkland
16%
266 Lewisville
16%
431 Mountain View
16%
368 Mount Pleasant
16%
359 O'Fallon
16%
429 Redwood City
16%
306 Rialto
16%
412 Temple
16%
397 Bryan
15%
421 Cicero
15%
354 Conroe
15%
492 Missouri City
15%
363 Plantation
15%
393 Springdale
15%
335 Vista
15%
379 Hemet
14%
322 Hesperia
14%
326 Longmont
14%
296 Menifee
14%
358 Palm Coast
14%
489 Pawtucket
14%
387 San Leandro
14%
471 Schaumburg
14%
284 South Fulton
14%
480 Apple Valley
13%
443 Boynton Beach
13%
404 Deerfield Beach
13%
474 Hammond
13%
406 Hawthorne
13%
478 Redmond
13%
498 Rock Hill
13%
413 Whittier
13%
416 Brooklyn Park
12%
383 Clifton
12%
435 Gastonia
12%
440 Homestead
12%
426 Largo
12%
446 Lehi
12%
399 Livermore
12%
457 Milpitas
12%
394 Newton
12%
445 Parma
12%
459 Pasco
12%
451 Pharr
12%
396 San Ramon
12%
450 Somerville
12%
425 Baytown
11%
462 Chino Hills
11%
484 Doral
11%
433 Folsom
11%
427 Johns Creek
11%
408 Lake Forest
11%
469 Loveland
11%
496 Mansfield
11%
499 New Britain
11%
444 North Port
11%
442 South Jordan
11%
346 Tracy
11%
432 Warner Robins
11%
434 Alhambra
10%
467 Bellflower
10%
479 Castle Rock
10%
468 Flower Mound
10%
353 Livonia
10%
373 South Gate
10%
456 Upland
10%
475 Wyoming
10%
490 Broomfield
9%
395 Citrus Heights
9%
407 Manteca
9%
448 Perris
9%
482 Rochester Hills
9%
454 Tustin
9%
422 Buena Park
8%
461 Cedar Park
8%
419 Farmington Hills
8%
465 Pleasanton
8%
485 Southfield
8%
500 Bolingbrook
7%
420 Layton
7%
483 Arlington Heights
6%
441 Rancho Cordova
6%
417 Westland
6%
472 Woodbury
5%
133 Glendale, CA
3%
No matching quizzes found
Score Distribution
Percent of People with Each Score
Percentile by Number Answered
Your Score History
You have not taken this quiz since the last reset